000 00752cab a2200253 4500
001 ABS57700
008 090401t1997 xxu||||| |||| 00| 0 eng d
035 _a(Sirsi) u81514
041 _aeng
110 _aDavis Langdon and Everest
_91155
245 _aCost model: museums and galleries
260 _c1997
350 _a0
490 _aBuilding
_v262(40) 10 October 1997, 56-62(7)
520 _aA cost model for museums and galleries including design, planning and a cost breakdown. Includes tables.
650 _aART GALLERIES
650 _aBUILT ENVIRONMENT-BUILDING COSTS
650 _aCOST ANALYSIS
650 _aCOST MODEL
650 _aMUSEUMS
690 _aBUILT ENVIRONMENT-BUILDING COSTS
942 _n0
948 _c17/10/1997
999 _c51356
_d51356